Intravenous anaesthetic agents / (Record no. 3688)

000 -LEADER
fixed length control field 00812cam a2200265 i 4500
001 - CONTROL NUMBER
control field 889687
003 - CONTROL NUMBER IDENTIFIER
control field OSt
005 - DATE AND TIME OF LATEST TRANSACTION
control field 20220201094209.0
008 - FIXED-LENGTH DATA ELEMENTS--GENERAL INFORMATION
fixed length control field 800312s1979 enka b 001 0 eng
010 ## - LIBRARY OF CONGRESS CONTROL NUMBER
LC control number 80456475
015 ## - NATIONAL BIBLIOGRAPHY NUMBER
National bibliography number GB***
020 ## - INTERNATIONAL STANDARD BOOK NUMBER
International Standard Book Number 0713143320 :
Terms of availability £9.25
040 ## - CATALOGING SOURCE
Original cataloging agency DLC
Transcribing agency DLC
Modifying agency DLC
050 00 - LIBRARY OF CONGRESS CALL NUMBER
Classification number RD85.I6
Item number D86
082 00 - DEWEY DECIMAL CLASSIFICATION NUMBER
Classification number 617/.962
100 1# - MAIN ENTRY--PERSONAL NAME
Personal name Dundee, John W.
Fuller form of name (John Wharry)
245 10 - TITLE STATEMENT
Title Intravenous anaesthetic agents /
Statement of responsibility, etc. John W. Dundee.
260 ## - PUBLICATION, DISTRIBUTION, ETC.
Place of publication, distribution, etc. London :
Name of publisher, distributor, etc. E. Arnold ;
Place of publication, distribution, etc. Chicago :
Name of publisher, distributor, etc. distributed by Year Book Medical,
Date of publication, distribution, etc. c1979.
300 ## - PHYSICAL DESCRIPTION
Extent 160 p. :
Other physical details ill. ;
Dimensions 24 cm.
440 #0 - SERIES STATEMENT/ADDED ENTRY--TITLE
Title Current topics in anaesthesia ;
Volume/sequential designation 1
504 ## - BIBLIOGRAPHY, ETC. NOTE
Bibliography, etc. note Includes bibliographies and index.
650 #0 - SUBJECT ADDED ENTRY--TOPICAL TERM
Topical term or geographic name entry element Intravenous anesthetics.
906 ## - LOCAL DATA ELEMENT F, LDF (RLIN)
a 7
b cbc
c orignew
d 3
e ncip
f 19
g y-gencatlg
942 ## - ADDED ENTRY ELEMENTS (KOHA)
Source of classification or shelving scheme
Koha item type Book
Holdings
Withdrawn status Lost status Source of classification or shelving scheme Damaged status Not for loan Permanent Location Current Location Shelving location Date acquired Source of acquisition Total Checkouts Full call number Barcode Date last seen Price effective from Koha item type Public note Copy number
          AU LIBRARY AU LIBRARY Open Shelf 01.02.2022 DONATION FROM MOI UNIVERSITY   RD85.I6 .D86 1979 28005217 01.02.2022 01.02.2022 Book SM  
          AU LIBRARY AU LIBRARY Open Shelf 10.06.2022 DONATION FROM MOI UNIVERSITY   RD85.I6 .D86 1979 C2 28011940 10.06.2022 10.06.2022 Book AB 2

Powered by Koha